Estudio comparativo de la política
Uloženo v:
| Hlavní autoři: | , |
|---|---|
| Médium: | Kniha |
| Jazyk: | španělština |
| Vydáno: |
Ciudad de México
Fondo de Cultura Económica
1983
|
| Edice: | Obras de Política y Derecho
|
| Témata: | |
| Tagy: |
Přidat tag
Žádné tagy, Buďte první, kdo vytvoří štítek k tomuto záznamu!
|
MARC
| LEADER | 00000nam a2200000 a 4500 | ||
|---|---|---|---|
| 001 | UCT6274 | ||
| 003 | CL-VaPUC | ||
| 008 | 970106e19830000MX |||||||||||||||||spa|d | ||
| 082 | 0 | 4 | |a 320.01 |b ROT |2 21 |
| 100 | 0 | |a Roth, David F |e author |9 376246 | |
| 700 | 0 | |a Wilson, Frank L |e author |9 376247 | |
| 245 | 1 | 0 | |a Estudio comparativo de la política |
| 300 | |a 642 p | ||
| 942 | |c BK | ||
| 945 | |d 19970106 00:00:00 |a paguirre | ||
| 260 | |a Ciudad de México |b Fondo de Cultura Económica |c 1983 | ||
| 650 | 0 | |a Ciencias Políticas |9 255201 | |
| 650 | 7 | |a FILOSOFIA POLITICA |2 CL-VaPUC |9 376248 | |
| 650 | 0 | |a Política |9 255312 | |
| 650 | 0 | |a Democracia |9 255256 | |
| 650 | 0 | |a Sociedad |9 307903 | |
| 650 | 0 | |a Desarrollo político |9 323087 | |
| 651 | 0 | |a Inglaterra |9 255158 | |
| 651 | 0 | |a Francia |9 255157 | |
| 651 | 0 | |a China |9 257545 | |
| 651 | 0 | |a Unión Soviética |9 256769 | |
| 651 | 0 | |a México |9 255269 | |
| 651 | 0 | |a Nigeria |9 317052 | |
| 583 | |a last modification |c 19970106 00:00:00 |k Rodrigo Vera | ||
| 490 | 0 | |a Obras de Política y Derecho | |
| 999 | |c 254989 |d 254987 | ||
| 952 | |0 0 |1 0 |4 0 |6 320_010000000000000_ROT_1983 |7 0 |8 A |9 277004 |a BIBDER |b BIBDER |d 2019-11-19 |i 1801287 |o 320.01 ROT 1983 |p 1801287 |r 2023-01-25 |w 2019-11-19 |y BK |k DER | ||
| 952 | |0 0 |1 0 |4 0 |6 320_010000000000000_ROT_1983 |7 0 |8 A |9 277005 |a BIBHIS |b BIBHIS |d 2019-11-19 |i 1339613 |o 320.01 ROT 1983 |p 1339613 |r 2025-01-20 |w 2019-11-19 |y BK |k HIS | ||